Sports Quiz

Random Sports or WWE Quiz

All of Shawn Michael's royal rumble eliminations Quiz Stats

 Plays Quiz not verified by Sporcle

Score 0/40 Timer 10:00
0 Plays Today
Hint Answer % Correct
2010Triple H
95.7%
2008Undertaker
87%
2007Randy Orton
75.4%
1994Diesel
71%
1996Owen Hart
71%
1996Diesel
71%
2007Edge
71%
1995British Bulldog
68.1%
1996British Bulldog
68.1%
2005Kurt Angle
65.2%
2006Shelton Benjamin
62.3%
2007Shelton Benjamin
62.3%
2008Shelton Benjamin
62.3%
1996Vader
59.4%
1996Yokozuna
55.1%
2010Cody Rhodes
55.1%
2010Ted Dibiase
53.6%
1994Marty Jannetty
50.7%
2010Carlito
47.8%
1994Mabel
43.5%
Hint Answer % Correct
1995Lex Luger
43.5%
2005Charlie Haas
43.5%
2007Finlay
42%
1992Tito Santana
39.1%
1996Jerry Lawler
37.7%
1996123 kid
36.2%
2010John Morrison
33.3%
2010Drew McIntyre
33.3%
1995Bushwhacker Luke
31.9%
1995Bushwhacker Butch
31.9%
2006Trevor Murdoch
29%
1995Jacob Blu
27.5%
2005Simon Dean
26.1%
2006Johnny Nitro
24.6%
1995Duke Droese
23.2%
1989Ron Bass
20.3%
1995Tom Prichard
18.8%
1995Aldo Montoya
18.8%
1996Isaac Yankem
14.5%
1994Sparky Plugg
13%

You're not logged in!

Compare scores with friends on all Sporcle quizzes.
OR
Log In

Show Comments

Extras

Top Quizzes Today


Score Distribution

Your Account Isn't Verified!

In order to create a playlist on Sporcle, you need to verify the email address you used during registration. Go to your Sporcle Settings to finish the process.

Report this User

Report this user for behavior that violates our Community Guidelines.

Details: